[Event "GER-chT U16"]
[Site "Willingen"]
[Date "2021.06.26"]
[Round "5.6"]
[White "Afonso, Phil"]
[Black "Rasch, Lukas"]
[Result "1/2-1/2"]
[WhiteElo "1542"]
[BlackElo "1591"]
[PlyCount "52"]
[EventDate "2021.06.23"]
[EventType "team-swiss"]
[EventRounds "7"]
[EventCountry "GER"]
[SourceTitle "CBM 203 Extra"]
[Source "ChessBase"]
[SourceDate "2021.09.30"]
[SourceVersion "1"]
[SourceVersionDate "2021.09.30"]
[SourceQuality "1"]
[WhiteTeam "Kornwestheim"]
[BlackTeam "Essen Katernberg"]
[WhiteTeamCountry "GER"]
[BlackTeamCountry "GER"]

1. e4 d5 2. exd5 Nf6 3. Be2 Nxd5 4. d4 g6 5. Nf3 Bg7 6. c4 Nf6 7. Nc3 Bg4 8. h3 Bxf3 9. Bxf3 c6 10. Be3 Nbd7 11. 0-0 0-0 12. Re1 e6 13. Qd2 Nb6 14. Be2 Qe7 15. c5 Nbd5 16. Nxd5 Nxd5 17. Rad1 Rfd8 18. Bc4 Rd7 19. Bg5 Bf6 20. Bxf6 Qxf6 21. Re5 Ne7 22. g4 Rad8 23. Qe3 Nd5 24. Bxd5 Rxd5 25. Rxd5 Rxd5 26. f4 Qd8 1/2-1/2

[Event "GER-chT U16"]
[Site "Willingen"]
[Date "2021.06.25"]
[Round "4.6"]
[White "Tao, Alexander"]
[Black "Afonso, Phil"]
[Result "1/2-1/2"]
[WhiteElo "1631"]
[BlackElo "1542"]
[PlyCount "46"]
[EventDate "2021.06.23"]
[EventType "team-swiss"]
[EventRounds "7"]
[EventCountry "GER"]
[SourceTitle "CBM 203 Extra"]
[Source "ChessBase"]
[SourceDate "2021.09.30"]
[SourceVersion "1"]
[SourceVersionDate "2021.09.30"]
[SourceQuality "1"]
[WhiteTeam "Blankenese"]
[BlackTeam "Kornwestheim"]
[WhiteTeamCountry "GER"]
[BlackTeamCountry "GER"]

1. e4 e5 2. Nf3 Nc6 3. Bc4 Bc5 4. c3 Nf6 5. d3 0-0 6. b4 Bd6 7. Bg5 a6 8. 0-0 h6 9. Bh4 Be7 10. Nbd2 d6 11. Re1 Be6 12. Bxe6 fxe6 13. Qb3 Qd7 14. a4 Nh5 15. Bg3 Nf4 16. Bxf4 Rxf4 17. b5 Nd8 18. bxa6 Rxa6 19. Qc2 Qe8 20. Nf1 Qg6 21. Qe2 Qe8 22. Qc2 Qg6 23. Qe2 Qe8 1/2-1/2

[Event "GER-chT U16"]
[Site "Magdeburg"]
[Date "2019.12.29"]
[Round "6.6"]
[White "Gillmeister, Gino"]
[Black "Afonso, Phil"]
[Result "1-0"]
[WhiteElo "1599"]
[BlackElo "1650"]
[PlyCount "120"]
[EventDate "2019.12.27"]
[EventType "team-swiss"]
[EventRounds "7"]
[EventCountry "GER"]
[SourceTitle "CBM 194 Extra"]
[Source "ChessBase"]
[SourceDate "2020.03.31"]
[SourceVersion "1"]
[SourceVersionDate "2020.03.31"]
[SourceQuality "1"]
[WhiteTeam "Lichtenberg Borussia"]
[BlackTeam "Kornwestheim"]
[WhiteTeamCountry "GER"]
[BlackTeamCountry "GER"]

1. b3 e5 2. Bb2 Nc6 3. c4 Nf6 4. e3 d5 5. cxd5 Nxd5 6. a3 Be6 7. Qc2 a6 8. Nf3 Bd6 9. d4 exd4 10. Nxd4 Nxd4 11. Bxd4 Nf6 12. Nd2 c5 13. Bb2 b5 14. Rd1 Qe7 15. Bxf6 gxf6 16. Ne4 Rd8 17. Qc3 Be5 18. Rxd8+ Qxd8 19. Qxc5 Bxb3 20. Bxb5+ axb5 21. Qxb5+ Kf8 22. Qxb3 f5 23. Qb4+ Kg7 24. Ng3 Qc7 25. 0-0 Kg6 26. Rb1 f6 27. Qb5 Qc3 28. Qd7 Bxg3 29. hxg3 Qxa3 30. Rb7 Qf8 31. f4 h5 32. Rc7 Qg8 33. Rc5 Kh6 34. Qxf5 Qg6 35. Qxg6+ Kxg6 36. Kf2 Re8 37. Kf3 f5 38. Re5 Ra8 39. Re6+ Kg7 40. Kf2 Ra2+ 41. Kg1 Re2 42. Kf1 Ra2 43. e4 Ra1+ 44. Kf2 Ra2+ 45. Kg1 Re2 46. exf5 Ra2 47. Kh2 Ra5 48. Re5 Ra1 49. f6+ Kxf6 50. Rxh5 Kg6 51. Rb5 Ra6 52. g4 Kf6 53. Kh3 Kg6 54. Kh4 Ra2 55. Rb6+ Kg7 56. g3 Rh2+ 57. Kg5 Rg2 58. Rb7+ Kg8 59. Kg6 Kf8 60. g5 Rxg3 1-0

[Event "GER-chT U14"]
[Site "Magdeburg"]
[Date "2018.12.30"]
[Round "7.4"]
[White "Afonso, Phil"]
[Black "Helmsdorf, Marius"]
[Result "1/2-1/2"]
[WhiteElo "1595"]
[BlackElo "1533"]
[PlyCount "96"]
[EventDate "2018.12.27"]
[EventType "team-swiss"]
[EventRounds "7"]
[EventCountry "GER"]
[SourceTitle "CBM 188 Extra"]
[Source "ChessBase"]
[SourceDate "2019.02.26"]
[SourceVersion "1"]
[SourceVersionDate "2019.02.26"]
[SourceQuality "1"]
[WhiteTeam "Kornwestheim"]
[BlackTeam "Gera"]
[WhiteTeamCountry "GER"]
[BlackTeamCountry "GER"]

1. e4 c5 2. Nf3 Nc6 3. d4 cxd4 4. Nxd4 Nf6 5. Nc3 d6 6. Be3 a6 7. Be2 Bd7 8. 0-0 b5 9. a3 Nxd4 10. Qxd4 e5 11. Qb6 Qxb6 12. Bxb6 Be7 13. Rfd1 0-0 14. Rd2 Bc6 15. f3 Rac8 16. Rad1 Nd7 17. Bf2 Rfd8 18. h3 Bb7 19. Kf1 Rc7 20. Bg3 f6 21. Bf2 Rdc8 22. Rc1 Nc5 23. Kg1 f5 24. Rb1 fxe4 25. Bxc5 Rxc5 26. fxe4 h6 27. Bg4 Rxc3 28. bxc3 Rxc3 29. Rb3 Rxb3 30. cxb3 Bxe4 31. Bf3 d5 32. b4 Bg5 33. Re2 Bc1 34. Bxe4 dxe4 35. Rxe4 Bxa3 36. Kf2 Kf7 37. Ke3 Ke6 38. Kd3 Bb2 39. Rg4 g5 40. Ke3 Bd4+ 41. Kd3 Kf5 42. Re4 h5 43. g4+ Kg6 44. Rxd4 exd4 45. Kxd4 Kf6 46. gxh5 Kg7 47. Kc5 Kh6 48. Kb6 Kxh5 1/2-1/2

[Event "Baden Wuerttemberg-chT U14"]
[Site "Burg Ortenberg"]
[Date "2018.06.24"]
[Round "5.4"]
[White "Schedel, Loris"]
[Black "Afonso, Phil"]
[Result "0-1"]
[WhiteElo "1243"]
[BlackElo "1621"]
[PlyCount "60"]
[EventDate "2018.06.23"]
[EventType "team-tourn"]
[EventRounds "5"]
[EventCountry "GER"]
[SourceTitle "EXT 2019"]
[Source "ChessBase"]
[SourceDate "2018.10.10"]
[SourceVersion "1"]
[SourceVersionDate "2018.10.10"]
[SourceQuality "1"]
[WhiteTeam "Goeppingen U14"]
[BlackTeam "Kornwestheim U14"]
[WhiteTeamCountry "GER"]
[BlackTeamCountry "GER"]

1. e4 e5 2. Nf3 Nc6 3. Bc4 Bc5 4. c3 Nf6 5. d4 exd4 6. cxd4 Bb4+ 7. Nc3 Nxe4 8. 0-0 Bxc3 9. bxc3 d5 10. Bd3 Nf6 11. Re1+ Be6 12. Ng5 Qd7 13. Bf5 Nd8 14. Qe2 0-0 15. Nxe6 Re8 16. Bg5 Nxe6 17. Bxf6 gxf6 18. Qg4+ Kf8 19. Re2 Ke7 20. Rae1 Kd6 21. Qg3+ Kc6 22. Qh4 Qe7 23. Qg4 Kd6 24. Bxh7 Rh8 25. Bf5 Rae8 26. Bxe6 fxe6 27. f4 Rhg8 28. Qxg8 Rxg8 29. Rxe6+ Qxe6 30. Rxe6+ Kxe6 0-1

[Event "Baden-ch U1400"]
[Site "Walldorf"]
[Date "2017.07.27"]
[Round "2"]
[White "Afonso, Phil"]
[Black "Karl, Ulrich"]
[Result "1-0"]
[WhiteElo "1456"]
[BlackElo "795"]
[PlyCount "101"]
[EventDate "2017.07.26"]
[EventType "swiss"]
[EventRounds "7"]
[EventCountry "GER"]
[SourceTitle "EXT 2018"]
[Source "ChessBase"]
[SourceDate "2017.10.13"]
[SourceVersion "1"]
[SourceVersionDate "2017.10.13"]
[SourceQuality "1"]

1. e4 e5 2. Nf3 Nc6 3. Bc4 Nf6 4. Ng5 d5 5. exd5 Nxd5 6. Qf3 Qxg5 7. Bxd5 Qg6 8. Bxc6+ Qxc6 9. Qxc6+ bxc6 10. b3 Ba6 11. Bb2 Bd6 12. Nc3 0-0 13. 0-0-0 Rfe8 14. Rde1 c5 15. Re3 c4 16. Rhe1 cxb3 17. cxb3 f6 18. Ne4 Be7 19. Ng3 Bc5 20. d4 Bb4 21. Rd1 Bb7 22. a3 Bd6 23. dxe5 fxe5 24. f3 e4 25. Rc3 Be5 26. Rc2 exf3 27. Bxe5 Rxe5 28. Rxc7 Bd5 29. gxf3 Bxf3 30. Rdd7 Rg5 31. Rxa7 Rxa7 32. Rxa7 Rc5+ 33. Kb2 Bd1 34. Rd7 Bg4 35. Rd4 Be6 36. Rd3 g6 37. Rc3 Rd5 38. Kc2 Kg7 39. Rd3 Rc5+ 40. Rc3 Re5 41. b4 h5 42. h4 Kh6 43. Rc5 Re3 44. Rc3 Re1 45. Kd2 Rg1 46. b5 Rg2+ 47. Kc1 Rh2 48. Re3 Bd5 49. Re5 Bb7 50. Re6 Rxh4 51. Nf5+ 1-0

[Event "Baden-ch U1400"]
[Site "Walldorf"]
[Date "2017.07.26"]
[Round "1"]
[White "Mannschott, Armin"]
[Black "Afonso, Phil"]
[Result "1-0"]
[WhiteElo "1061"]
[BlackElo "1456"]
[PlyCount "73"]
[EventDate "2017.07.26"]
[EventType "swiss"]
[EventRounds "7"]
[EventCountry "GER"]
[SourceTitle "EXT 2018"]
[Source "ChessBase"]
[SourceDate "2017.10.13"]
[SourceVersion "1"]
[SourceVersionDate "2017.10.13"]
[SourceQuality "1"]

1. e4 e5 2. Nf3 Nc6 3. Bc4 Nf6 4. Ng5 d5 5. exd5 Na5 6. Bb3 Nxb3 7. axb3 Nxd5 8. d3 h6 9. Nf3 Bg4 10. Qe2 f6 11. Ra4 Bd7 12. Re4 Bf5 13. Rh4 g5 14. Nxg5 fxg5 15. Qh5+ Kd7 16. Qf7+ Kd6 17. Ra4 Qd7 18. Qh5 Qe8 19. Qf3 Qe6 20. c4 Nb6 21. Ra5 Kd7 22. Nc3 c6 23. 0-0 g4 24. Qg3 Bg7 25. Ne4 Bxe4 26. dxe4 h5 27. Rd1+ Ke7 28. Bg5+ Bf6 29. Rxe5 Bxg5 30. Rxe6+ Kxe6 31. Qd6+ Kf7 32. Qc7+ Kf8 33. Qe5 Rg8 34. Rd6 Re8 35. Qf5+ Ke7 36. c5 Nc8 37. Rd7# 1-0